00319nam a2200133Ia 4500100002100000650002500021366000700046654002500053245002500078260003500103082001500138300000800153546002400161 aMeenakshi/Raman  aCommunication skills f25 acommunication skills aCommunication Skills bOxford university pressc2009 a371.2bMEE a521 aENGLISHcproduction